[Event "2018 O2C Doeberl Cup Premier"]
[Site "Canberra, Australia"]
[Date "2018.04.01"]
[Round "8.19"]
[White "Lo, Willis"]
[Black "Cannon, David"]
[Result "1/2-1/2"]
[WhiteElo "2005"]
[BlackElo "2159"]
[PlyCount "81"]
[EventDate "2018.03.29"]

1. c4 g6 2. g3 Bg7 3. Bg2 e5 4. Nc3 d6 5. d3 f5 6. e4 Nf6 7. Nge2 O-O 8. O-O
Nc6 9. Nd5 Be6 10. Bg5 Qd7 11. Qd2 Nh5 12. f3 Nd8 13. d4 Nf7 14. Be3 fxe4 15.
fxe4 c6 16. Ndc3 exd4 17. Nxd4 Bxc4 18. Nde2 a6 19. Rac1 Be6 20. Nf4 Nxf4 21.
gxf4 Bh3 22. Rf3 Bxg2 23. Qxg2 Rae8 24. Rg3 Kh8 25. Kh1 Bf6 26. Rg1 Nd8 27. f5
Be5 28. fxg6 Bxg3 29. Bd4+ Kg8 30. Qxg3 h5 31. Qg5 Qh3 32. Qh6 Qf3+ 33. Rg2
Qf1+ 34. Bg1 Re7 35. g7 Qxg2+ 36. Kxg2 Rxg7+ 37. Kh1 Nf7 38. Qe6 Kh7 39. Qf5+
Kg8 40. Qe6 Kh7 41. Qf5+ 1/2-1/2

[Event "2018 O2C Doeberl Cup Premier"]
[Site "Canberra, Australia"]
[Date "2018.04.01"]
[Round "8.20"]
[White "Goldsmith, Alan D"]
[Black "Bhat, Vishal"]
[Result "0-1"]
[WhiteElo "2179"]
[BlackElo "2028"]
[PlyCount "72"]
[EventDate "2018.03.29"]

1. e4 e5 2. Nf3 Nc6 3. Bc4 Bc5 4. b4 Bxb4 5. c3 Ba5 6. d4 b5 7. Bd5 exd4 8. O-O
Nge7 9. Ng5 Nxd5 10. exd5 Ne7 11. Qh5 Ng6 12. Nxh7 Rxh7 13. Qxh7 Kf8 14. g3 Qf6
15. Qh5 dxc3 16. Na3 Ba6 17. Nc2 Re8 18. Bg5 Re5 19. h4 Qf5 20. Ne3 Qh3 21. Qf3
Bb7 22. Rad1 Bb6 23. Rfe1 Kg8 24. Ng2 b4 25. Nf4 Nxf4 26. Bxf4 Bxd5 27. Qxd5
Rxd5 28. Rxd5 f6 29. Rb5 a5 30. a3 bxa3 31. Ra1 c2 32. Rxa3 Bxf2+ 33. Kxf2 Qh2+
34. Kf3 Qh1+ 35. Kg4 Qd1+ 36. Kh3 Qf1+ 0-1

[Event "2018 O2C Doeberl Cup Premier"]
[Site "Canberra, Australia"]
[Date "2018.04.02"]
[Round "9.1"]
[White "Gareyev, Timur"]
[Black "Ma, Qun"]
[Result "1/2-1/2"]
[WhiteElo "2590"]
[BlackElo "2645"]
[PlyCount "61"]
[EventDate "2018.03.29"]

1. d4 d5 2. c4 c6 3. Nc3 Nf6 4. cxd5 cxd5 5. Bf4 Nc6 6. Nf3 a6 7. e3 Bg4 8. h3
Bxf3 9. Qxf3 e6 10. Bd3 Be7 11. O-O O-O 12. Rac1 Rc8 13. Rfd1 Nd7 14. Bb1 Nb6
15. e4 Bg5 16. b3 dxe4 17. Qxe4 g6 18. Bxg5 Qxg5 19. d5 exd5 20. Nxd5 Nxd5 21.
Qxd5 Qxd5 22. Rxd5 Nb4 23. Rxc8 Rxc8 24. Rd1 Nd5 25. Bxg6 hxg6 26. Rxd5 Rc1+
27. Kh2 Rc2 28. Rd6 Rxa2 29. Rb6 Rxf2 30. Rxb7 Kg7 31. b4 1/2-1/2

[Event "2018 O2C Doeberl Cup Premier"]
[Site "Canberra, Australia"]
[Date "2018.04.02"]
[Round "9.3"]
[White "Sukandar, Irine Kharisma"]
[Black "Bjelobrk, Igor"]
[Result "0-1"]
[WhiteElo "2408"]
[BlackElo "2380"]
[PlyCount "126"]
[EventDate "2018.03.29"]

1. d4 Nf6 2. Bf4 e6 3. e3 c5 4. Nd2 Nc6 5. c3 d5 6. Ngf3 cxd4 7. cxd4 Bd6 8.
Bg3 O-O 9. Bd3 b6 10. a3 Bb7 11. O-O Bxg3 12. hxg3 Qd6 13. Qe2 Rac8 14. Rfc1
Rc7 15. g4 Rfc8 16. Rd1 Nb8 17. Ng5 Nbd7 18. f4 h6 19. Nh3 Ne4 20. Nf3 Nf8 21.
g5 hxg5 22. Nfxg5 f6 23. Nf3 Bc6 24. Qe1 Ba4 25. Rdc1 Bc2 26. Ba6 Rb8 27. a4
Qd7 28. Qb4 Nd6 29. Nf2 Bg6 30. Rc3 Rxc3 31. Qxc3 Rd8 32. b3 Qe7 33. Rc1 Kf7
34. Qe1 Rd7 35. Qc3 Rd8 36. Nd3 Nd7 37. Nb4 Nb8 38. Nc6 Nxc6 39. Qxc6 Kf8 40.
Nd2 Kg8 41. Qc7 Kf8 42. Kf2 Rd7 43. Qc6 Rd8 44. b4 Kf7 45. Kg1 Nf5 46. Qc3 Nd6
47. Nb3 Kf8 48. a5 Be8 49. Qc7 Rd7 50. Qc2 Ne4 51. Bb5 Rd8 52. Bxe8 Rxe8 53.
axb6 axb6 54. Nd2 Ng3 55. Kf2 Nf5 56. Rh1 Qxb4 57. Nf3 Qa3 58. Qe2 Nd6 59. Rb1
Ne4+ 60. Kg1 Nc3 61. Qd3 Nxb1 62. Qxb1 Qxe3+ 63. Kh1 Kf7 0-1

[Event "2018 O2C Doeberl Cup Premier"]
[Site "Canberra, Australia"]
[Date "2018.04.02"]
[Round "9.4"]
[White "Clarke, Brandon G I"]
[Black "Sengupta, Deep"]
[Result "1/2-1/2"]
[WhiteElo "2362"]
[BlackElo "2579"]
[PlyCount "63"]
[EventDate "2018.03.29"]

1. e4 e5 2. Nf3 Nc6 3. Nc3 Nf6 4. Bb5 Bb4 5. O-O O-O 6. d3 d6 7. Bg5 Bxc3 8.
bxc3 Bd7 9. Nd2 h6 10. Bh4 g5 11. Bg3 Ne7 12. Bc4 Ng6 13. Rb1 b6 14. Re1 Bg4
15. Qc1 Be6 16. Bb3 Nh5 17. Nf1 Bxb3 18. cxb3 Nhf4 19. Qd1 d5 20. Ne3 dxe4 21.
dxe4 Qxd1 22. Rbxd1 Rfd8 23. Bxf4 exf4 24. Nf5 Kh7 25. Rd4 Ne5 26. Red1 Re8 27.
f3 Kg6 28. Kf2 h5 29. Rd5 a5 30. a4 Kf6 31. c4 Rab8 32. Nd4 1/2-1/2

[Event "2018 O2C Doeberl Cup Premier"]
[Site "Canberra, Australia"]
[Date "2018.04.02"]
[Round "9.5"]
[White "Ikeda, Junta"]
[Black "Kunte, Abhijit"]
[Result "1-0"]
[WhiteElo "2415"]
[BlackElo "2499"]
[PlyCount "87"]
[EventDate "2018.03.29"]

1. f4 Nf6 2. Nf3 g6 3. g3 Bg7 4. Bg2 d5 5. O-O b6 6. d3 Bb7 7. Qe1 O-O 8. h3
Nbd7 9. g4 c5 10. c3 Qc7 11. Na3 a6 12. Nc2 e6 13. Bd2 Rac8 14. Qh4 e5 15. f5
Rfe8 16. Nh2 d4 17. Bxb7 Qxb7 18. g5 Nh5 19. e4 c4 20. Nb4 Nc5 21. Nd5 Nxd3 22.
Ng4 Rc6 23. Ngf6+ Rxf6 24. gxf6 Bf8 25. fxg6 hxg6 26. Rf5 Nhf4 27. Bxf4 exf4
28. Kh1 Ne5 29. Rxf4 d3 30. Rg1 Rd8 31. Rf5 Rxd5 32. Rh5 Bg7 33. fxg7 gxh5 34.
Qxh5 Ng6 35. Qxd5 Qxd5 36. exd5 Kxg7 37. h4 Kh6 38. d6 Ne5 39. Kg2 f5 40. Kf2
f4 41. Re1 Ng4+ 42. Kf3 Ne3 43. d7 d2 44. Rg1 1-0

[Event "2018 O2C Doeberl Cup Premier"]
[Site "Canberra, Australia"]
[Date "2018.04.02"]
[Round "9.6"]
[White "Smirnov, Anton"]
[Black "Chen, Pengyu"]
[Result "1/2-1/2"]
[WhiteElo "2543"]
[BlackElo "2273"]
[PlyCount "58"]
[EventDate "2018.03.29"]

1. e4 e5 2. Nf3 Nc6 3. Bb5 a6 4. Ba4 d6 5. O-O Bd7 6. c3 Nf6 7. Re1 g6 8. d4 b5
9. Bc2 Bg7 10. dxe5 Nxe5 11. Nxe5 dxe5 12. Be3 Ng4 13. Bc5 Qh4 14. h3 Bf8 15.
Be3 Nxe3 16. Rxe3 Bc5 17. Rf3 Be6 18. Nd2 O-O 19. Bb3 Rad8 20. Qe2 Bd7 21. Bd5
c6 22. Bb3 Kg7 23. Nf1 Bc8 24. a4 Be6 25. Bxe6 fxe6 26. Rxf8 Rxf8 27. Ne3 Qxe4
28. axb5 axb5 29. Rd1 Rf7 1/2-1/2

[Event "2018 O2C Doeberl Cup Premier"]
[Site "Canberra, Australia"]
[Date "2018.04.02"]
[Round "9.7"]
[White "Lane, Gary W"]
[Black "Song, Raymond"]
[Result "1-0"]
[WhiteElo "2385"]
[BlackElo "2233"]
[PlyCount "69"]
[EventDate "2018.03.29"]

1. e4 c6 2. d4 d5 3. e5 Bf5 4. Nf3 e6 5. Be2 Ne7 6. O-O Bg6 7. b3 c5 8. c4 cxd4
9. Nxd4 Nd7 10. Bf4 a6 11. Nc3 dxc4 12. bxc4 Nc5 13. Be3 Nf5 14. Nxf5 Bxf5 15.
g4 Bg6 16. f4 Qa5 17. Bd2 Bd3 18. Rf3 Bxe2 19. Qxe2 Qc7 20. f5 O-O-O 21. Raf1
Qc6 22. fxe6 Nxe6 23. Be3 Nd4 24. Bxd4 Rxd4 25. Nd5 Bc5 26. Kh1 Kb8 27. Rxf7
Rc8 28. e6 b5 29. Qe5+ Ka8 30. e7 bxc4 31. e8=Q Rxe8 32. Qxe8+ Qxe8 33. Nc7+
Kb7 34. Nxe8+ Kc6 35. Rc7+ 1-0

[Event "2018 O2C Doeberl Cup Premier"]
[Site "Canberra, Australia"]
[Date "2018.04.02"]
[Round "9.8"]
[White "Dale, Ari"]
[Black "Zulfic, Fedja"]
[Result "1-0"]
[WhiteElo "2374"]
[BlackElo "2156"]
[PlyCount "45"]
[EventDate "2018.03.29"]

1. d4 Nf6 2. c4 g6 3. Nc3 d5 4. cxd5 Nxd5 5. e4 Nxc3 6. bxc3 Bg7 7. Nf3 c5 8.
Be3 Qa5 9. Qd2 O-O 10. Rb1 b6 11. Rc1 Bb7 12. d5 c4 13. Bh6 Qc5 14. h4 Nd7 15.
h5 Nf6 16. Bxg7 Kxg7 17. hxg6 fxg6 18. Qh6+ Kg8 19. Ng5 Bxd5 20. exd5 Qxd5 21.
Nxh7 Qe4+ 22. Be2 Ng4 23. Ng5 1-0

[Event "2018 O2C Doeberl Cup Premier"]
[Site "Canberra, Australia"]
[Date "2018.04.02"]
[Round "9.9"]
[White "Solomon, Stephen J"]
[Black "Johansen, Darryl K"]
[Result "1/2-1/2"]
[WhiteElo "2349"]
[BlackElo "2354"]
[PlyCount "39"]
[EventDate "2018.03.29"]

1. e4 c5 2. Nf3 e6 3. d4 cxd4 4. Nxd4 Nc6 5. Nc3 d6 6. Be2 Nf6 7. O-O Be7 8.
Be3 O-O 9. f4 Qc7 10. Kh1 Nxd4 11. Bxd4 e5 12. Be3 b6 13. Bd3 Bb7 14. Qf3 Rad8
15. Rae1 Nd7 16. f5 Nc5 17. Bxc5 Qxc5 18. Nd5 Bxd5 19. exd5 e4 20. Qxe4 1/2-1/2

[Event "2018 O2C Doeberl Cup Premier"]
[Site "Canberra, Australia"]
[Date "2018.04.02"]
[Round "9.10"]
[White "Tao, Trevor"]
[Black "Chan, Luis"]
[Result "1/2-1/2"]
[WhiteElo "2366"]
[BlackElo "2210"]
[PlyCount "41"]
[EventDate "2018.03.29"]

1. c4 e5 2. Nc3 Nf6 3. Nf3 Nc6 4. e3 Bb4 5. Nd5 e4 6. Ng1 O-O 7. a3 Bd6 8. Qc2
Re8 9. Ne2 b5 10. Nxf6+ Qxf6 11. cxb5 Ne5 12. Qxe4 Bb7 13. Qd4 a6 14. h4 Qg6
15. Nf4 Qf5 16. bxa6 Bf3 17. b3 Nc6 18. Qc4 Ne5 19. Qd4 Nc6 20. Qc4 Ne5 21. Qd4
1/2-1/2

[Event "2018 O2C Doeberl Cup Premier"]
[Site "Canberra, Australia"]
[Date "2018.04.02"]
[Round "9.11"]
[White "Winkelman, Albert"]
[Black "Liu, Yi"]
[Result "0-1"]
[WhiteElo "2010"]
[BlackElo "2322"]
[PlyCount "78"]
[EventDate "2018.03.29"]

1. e4 e6 2. d4 d5 3. Nd2 Nf6 4. e5 Nfd7 5. Bd3 c5 6. c3 Nc6 7. Ne2 cxd4 8. cxd4
f6 9. exf6 Nxf6 10. Nf3 Bd6 11. O-O Qc7 12. Bg5 O-O 13. Bh4 Nh5 14. Qc2 h6 15.
Bh7+ Kh8 16. Bg6 Rxf3 17. Bxh5 Rf5 18. Bg6 Rf8 19. Bg3 Bd7 20. Rac1 Rf6 21. Bh4
Rff8 22. Bg3 Rf6 23. Bd3 Raf8 24. Qd2 Be8 25. Qe3 a6 26. b4 Bxg3 27. hxg3 Qb6
28. a3 e5 29. Rc5 e4 30. Bb1 Ne7 31. Ba2 Bb5 32. a4 Qe6 33. f3 Qd6 34. Rc2 Ng6
35. Rf2 exf3 36. Rxf3 Rxf3 37. gxf3 Re8 38. Qf2 Rxe2 39. Rxe2 Nf4 0-1

[Event "2018 O2C Doeberl Cup Premier"]
[Site "Canberra, Australia"]
[Date "2018.04.02"]
[Round "9.12"]
[White "Litchfield, Frederick"]
[Black "Stojic, Dusan"]
[Result "0-1"]
[WhiteElo "2054"]
[BlackElo "2265"]
[PlyCount "70"]
[EventDate "2018.03.29"]

1. b3 e5 2. Bb2 Nc6 3. e3 g6 4. h4 h5 5. Nf3 Bg7 6. Na3 d6 7. Be2 Bg4 8. e4 Nf6
9. Ng5 d5 10. exd5 Bxe2 11. Qxe2 Nxd5 12. Nc4 O-O 13. O-O Qd7 14. a4 Rfe8 15.
Rfe1 a6 16. a5 Rad8 17. d3 Nf4 18. Qf3 f6 19. Ne4 Qg4 20. Qxg4 hxg4 21. Ne3 f5
22. Nd2 Kf7 23. Ndc4 Ne6 24. h5 Ned4 25. hxg6+ Kxg6 26. Bxd4 Nxd4 27. Ra2 Rh8
28. b4 Rh7 29. f3 g3 30. Nf1 f4 31. Re4 Ne2+ 32. Rxe2 Rdh8 33. Nxg3 fxg3 34.
Nxe5+ Bxe5 35. Rxe5 Rh1# 0-1

[Event "2018 O2C Doeberl Cup Premier"]
[Site "Canberra, Australia"]
[Date "2018.04.02"]
[Round "9.13"]
[White "Puccini, Jack"]
[Black "Hu, Jason"]
[Result "1-0"]
[WhiteElo "2264"]
[BlackElo "2157"]
[PlyCount "111"]
[EventDate "2018.03.29"]

1. e4 c6 2. d4 d5 3. Nd2 dxe4 4. Nxe4 Nd7 5. Ng5 Ngf6 6. Bd3 e6 7. N1f3 Bd6 8.
Qe2 h6 9. Ne4 Nxe4 10. Qxe4 Nf6 11. Qe2 b6 12. Bd2 Bb7 13. Ne5 O-O 14. O-O-O c5
15. f4 cxd4 16. Rhg1 Be7 17. g4 Qd5 18. Bc4 Qe4 19. Qf1 Qh7 20. g5 hxg5 21.
fxg5 Nd5 22. Nxf7 Bxg5 23. Nxg5 Rxf1 24. Rdxf1 Qh6 25. Bd3 Ne3 26. Bxe3 dxe3
27. Bh7+ Qxh7 28. Nxh7 Kxh7 29. Re1 Be4 30. Rxe3 Bf5 31. Rc3 Kh6 32. Rc7 g5 33.
a4 g4 34. b4 Kh5 35. Rd1 Kg5 36. Rd2 Kf4 37. a5 bxa5 38. bxa5 a6 39. Rc4+ Ke3
40. Rc3+ Kf4 41. Rf2+ Ke4 42. Rc6 Ke3 43. Rd2 e5 44. Rf6 Be4 45. Re6 Kf4 46.
Re2 Rf8 47. Kd2 Bf3 48. R2xe5 Rh8 49. Rc5 Rxh2+ 50. Kd3 g3 51. Rf6+ Kg4 52.
Rc4+ Kg5 53. Rxf3 g2 54. Rg3+ Kf5 55. Rcg4 Rh3 56. Ke2 1-0

[Event "2018 O2C Doeberl Cup Premier"]
[Site "Canberra, Australia"]
[Date "2018.04.02"]
[Round "9.14"]
[White "Lam, Daniel King-Wai"]
[Black "Slater-Jones, Henry"]
[Result "1-0"]
[WhiteElo "2215"]
[BlackElo "1869"]
[PlyCount "101"]
[EventDate "2018.03.29"]

1. c4 e6 2. Nc3 d5 3. d4 Nf6 4. cxd5 exd5 5. Bg5 Be7 6. e3 Nbd7 7. Qc2 O-O 8.
Bd3 h6 9. Bh4 b6 10. Nf3 Bb7 11. O-O Re8 12. Rac1 c6 13. Bf5 Nf8 14. Ne5 N8d7
15. Nxd7 Nxd7 16. Bxe7 Qxe7 17. b4 g6 18. Bh3 f5 19. Qb3 Nf6 20. b5 c5 21. dxc5
bxc5 22. g3 Rad8 23. Bg2 Kg7 24. Na4 c4 25. Qb2 Kh7 26. Qd4 Ba8 27. Nc3 Rd6 28.
a4 Qc7 29. a5 Re7 30. Ra1 Nd7 31. Rfd1 Nf6 32. Rdb1 Nd7 33. b6 axb6 34. Nb5 Qc6
35. Nxd6 Qxd6 36. axb6 Bb7 37. Ra7 Nf6 38. Ra5 Rd7 39. Rc5 Bc6 40. Rxc6 Qxc6
41. b7 Rxb7 42. Rxb7+ Qxb7 43. Qxf6 Qb1+ 44. Bf1 Qe1 45. Qb2 h5 46. h4 c3 47.
Qc2 Kg7 48. Kg2 Kf6 49. Bd3 Ke5 50. Be2 Kf6 51. Qd1 1-0

[Event "2018 O2C Doeberl Cup Premier"]
[Site "Canberra, Australia"]
[Date "2018.04.02"]
[Round "9.15"]
[White "Chapman, Mark"]
[Black "Parle, Hughston"]
[Result "1-0"]
[WhiteElo "2385"]
[BlackElo "2033"]
[PlyCount "49"]
[EventDate "2018.03.29"]

1. e4 c5 2. Nf3 d6 3. d4 cxd4 4. Nxd4 Nf6 5. Nc3 a6 6. Bg5 e6 7. f4 h6 8. Bh4
Qb6 9. Bxf6 gxf6 10. Qd2 Qxb2 11. Nb3 Qa3 12. Be2 Nd7 13. O-O Qb4 14. Bh5 Nc5
15. f5 Nxb3 16. axb3 Be7 17. Kh1 e5 18. Ra4 Qb6 19. Nd5 Qd8 20. Rc4 Rb8 21. Rc7
Bd7 22. Rf3 Kf8 23. Rfc3 Rc8 24. Rxd7 Qxd7 25. Nb6 1-0

[Event "2018 O2C Doeberl Cup Premier"]
[Site "Canberra, Australia"]
[Date "2018.04.02"]
[Round "9.16"]
[White "Specht, Josh"]
[Black "Brown, Andrew"]
[Result "0-1"]
[WhiteElo "2094"]
[BlackElo "2278"]
[PlyCount "82"]
[EventDate "2018.03.29"]

1. d4 Nf6 2. Bg5 d5 3. Bxf6 exf6 4. e3 f5 5. g3 Nd7 6. Bg2 c6 7. Ne2 Qb6 8. b3
a5 9. O-O a4 10. Nbc3 a3 11. Rc1 Nf6 12. Nb1 Be6 13. c4 Bb4 14. Nf4 O-O 15.
cxd5 cxd5 16. Nc3 Qa5 17. Qd3 Rfc8 18. Nxe6 fxe6 19. Na4 b6 20. Rc2 Rxc2 21.
Qxc2 b5 22. Nc5 Rc8 23. Rc1 Rc6 24. Qd1 Bxc5 25. Rxc5 Rxc5 26. dxc5 Qc3 27. Qe2
Qxc5 28. Bf1 Ne4 29. Qh5 g6 30. Qh4 b4 31. Qd8+ Qf8 32. Qd7 Qd6 33. Qe8+ Kg7
34. Bb5 Nc3 35. Bd7 Nxa2 36. Bxe6 Nc3 37. Qg8+ Kh6 38. g4 fxg4 39. Bxg4 a2 40.
Qa8 Qf6 41. Kg2 Na4 0-1

[Event "2018 O2C Doeberl Cup Premier"]
[Site "Canberra, Australia"]
[Date "2018.04.02"]
[Round "9.18"]
[White "Otawa, Yuto"]
[Black "Cameron, Alistair"]
[Result "1/2-1/2"]
[WhiteElo "1895"]
[BlackElo "2104"]
[PlyCount "105"]
[EventDate "2018.03.29"]

1. d4 d5 2. c4 c6 3. Nc3 Nf6 4. e3 g6 5. Nf3 Bg7 6. Qb3 O-O 7. Bd3 a5 8. cxd5
Nxd5 9. O-O Nb4 10. Be2 Be6 11. Qd1 Bg4 12. h3 Bxf3 13. Bxf3 Qd6 14. a3 Nd5 15.
Nxd5 cxd5 16. Qb3 Rd8 17. Bd2 Nc6 18. Rfd1 Qd7 19. Be2 e6 20. Be1 Bf8 21. Rac1
Bd6 22. Bb5 Rdb8 23. Qa4 Qd8 24. Rc2 Ne7 25. Rdc1 Kg7 26. Qb3 h6 27. Qd3 Rc8
28. Bc3 Qb6 29. Qe2 Rc7 30. Bd3 Rac8 31. Kh1 Kh7 32. Qf3 Ng8 33. g3 f5 34. g4
Nf6 35. gxf5 exf5 36. Bxf5 gxf5 37. Qxf5+ Kg7 38. Rg1+ Kf7 39. e4 dxe4 40. d5
Bf8 41. Qg6+ Ke7 42. Bxf6+ Qxf6 43. Qxe4+ Kd8 44. Rg6 Qf7 45. Re2 Rc1+ 46. Kg2
R1c4 47. Qd3 Rd4 48. Qg3 Qxd5+ 49. f3 Rd2 50. Qh4+ Kd7 51. Qg4+ Kd8 52. Qh4+
Kd7 53. Qg4+ 1/2-1/2

[Event "2018 O2C Doeberl Cup Premier"]
[Site "Canberra, Australia"]
[Date "2018.04.02"]
[Round "9.19"]
[White "Maguire, Tom"]
[Black "Lo, Willis"]
[Result "1/2-1/2"]
[WhiteElo "2096"]
[BlackElo "2005"]
[PlyCount "134"]
[EventDate "2018.03.29"]

1. d4 d5 2. Bf4 Nf6 3. e3 c5 4. c3 Nc6 5. Nd2 e6 6. Ngf3 cxd4 7. exd4 Nh5 8.
Be3 g6 9. Ne5 f6 10. Nxc6 bxc6 11. g4 Ng7 12. Bd3 Bd6 13. f4 Qc7 14. O-O O-O
15. Qe2 Bd7 16. Nf3 Rae8 17. Qd2 c5 18. Rae1 c4 19. Bb1 a5 20. h4 f5 21. g5 Rb8
22. Qh2 Nh5 23. Ne5 Rb7 24. Bc1 Rfb8 25. Bc2 Rxb2 26. Bxb2 Rxb2 27. Rb1 Rxa2
28. Rf2 Ra3 29. Bd1 Bxe5 30. fxe5 Rxc3 31. Rfb2 Bc8 32. Bxh5 gxh5 33. Qg2 Kf7
34. g6+ hxg6 35. Qg5 Rb3 36. Qf6+ Ke8 37. Qxg6+ Kd7 38. Qf7+ Kd8 39. Qxc7+ Kxc7
40. Rxb3 cxb3 41. Rxb3 Ba6 42. Kf2 Bc4 43. Ra3 Kb6 44. Ke3 Kb5 45. Kd2 Kb4 46.
Rg3 a4 47. Kc2 Bb3+ 48. Kb2 Kc4 49. Rg6 Kxd4 50. Rxe6 Ke4 51. Re8 d4 52. e6 f4
53. e7 Bf7 54. Rf8 Bg6 55. Rg8 Bf7 56. Rf8 Bg6 57. e8=Q+ Bxe8 58. Rxe8+ Kf3 59.
Kc2 Kf2 60. Re5 f3 61. Rxh5 Kg2 62. Rg5+ Kf1 63. Ra5 f2 64. Kd2 Kg2 65. Rg5+
Kf1 66. Ra5 Kg2 67. Rg5+ Kf1 1/2-1/2

[Event "2018 O2C Doeberl Cup Premier"]
[Site "Canberra, Australia"]
[Date "2018.04.02"]
[Round "9.20"]
[White "Kargosha, Bahman"]
[Black "Lam, Ross"]
[Result "1-0"]
[WhiteElo "2211"]
[BlackElo "1924"]
[PlyCount "65"]
[EventDate "2018.03.29"]

1. d4 Nf6 2. c4 e6 3. Nc3 Bb4 4. e3 b6 5. Nge2 Ba6 6. a3 Bxc3+ 7. Nxc3 d5 8. b3
O-O 9. Bd3 dxc4 10. bxc4 Nc6 11. Rb1 e5 12. d5 Na5 13. Nb5 e4 14. Be2 c6 15.
dxc6 Nxc6 16. O-O Qe7 17. Qa4 Bb7 18. Rd1 Rfd8 19. Bb2 a6 20. Nd4 Nxd4 21. Bxd4
b5 22. Qb4 Qxb4 23. Rxb4 Bc6 24. cxb5 axb5 25. Rc1 Nd5 26. Rxc6 Nxb4 27. axb4
Ra4 28. f3 exf3 29. gxf3 Rxb4 30. Rb6 Rb1+ 31. Kf2 b4 32. Bc4 h6 33. Rb7 1-0